[Event "www.ChessWorld.net server game"]
[Site "www.ChessWorld.net "]
[Date "2007.6.10"]
[Round "NA"]
[White "joselito"]
[Black "briansky"]
[Result "1-0"]
[Termination "Black king mated"]
[WhiteElo "1277"]
[BlackElo "1163"]
[Mode "ICS"]
[DateLastMove "2007.6.14"]
[Board "3805953"]

1.e4 e5 2.Nf3 Nc6 3.Bb5 Na5 4.O-O a6 5.Ba4 b5 6.Bb3 f6 7.a4 b4 8.d4 d5 9.Bxd5 Bg4 10.h3 Bxf3 11.Qxf3 Ne7 12.Bd2 Rb8 13.dxe5 Ng6 14.Qf5 Nh4 15.Qe6+ Be7 16.Qf7+ Kd7 17.e6+ Kc8 18.Qh5 Ng6 19.Qe2 Rb6 20.Be3 Rb8 21.Qxa6+ Nb7 22.Ba7 Bc5 23.Bxb8 Ne7 24.Qxb7+ {Black king mated} 1-0

[Event "www.ChessWorld.net server game"]
[Site "www.ChessWorld.net "]
[Date "2007.6.10"]
[Round "NA"]
[White "joselito"]
[Black "davcobbler"]
[Result "1-0"]
[Termination "Black resigned"]
[WhiteElo "1384"]
[BlackElo "1698"]
[Mode "ICS"]
[DateLastMove "2007.8.30"]
[Board "3806055"]

1.e4 e5 2.Bc4 Nf6 3.Qf3 d6 4.a3 Be6 5.Bxe6 fxe6 6.Nh3 Be7 7.O-O O-O 8.d3 Nfd7 9.Qg3 Bh4 10.Qg4 Nc6 11.Bh6 Qe7 12.Nd2 Rf7 13.Nf3 Bf6 14.Nhg5 Bxg5 15.Bxg5 Nf6 16.Bxf6 Qxf6 17.Ng5 Re8 18.Qh5 h6 19.Nxf7 Nd4 20.Nxh6+ gxh6 21.Qxe8+ Kg7 22.Qd7+ Kg6 23.Qxc7 Ne2+ 24.Kh1 Qg5 25.Qxd6 Nf4 26.g3 Nh5 27.Qxe6+ Nf6 28.f3 Qe3 29.Qxe5 h5 30.f4 Kf7 31.Qf5 Qb6 32.e5 Qc6+ 33.Kg1 Qc5+ 34.Rf2 Qe7 35.Qxf6+ Ke8 36.Qxe7+ Kxe7 37.f5 a5 38.Rf4 b5 39.Re1 a4 40.Rh4 {Black resigned} 1-0

[Event "www.ChessWorld.net server game"]
[Site "www.ChessWorld.net "]
[Date "2007.6.10"]
[Round "NA"]
[White "joselito"]
[Black "whata kerfuffle"]
[Result "1-0"]
[Termination "Black king mated"]
[WhiteElo "1368"]
[BlackElo "1479"]
[Mode "ICS"]
[DateLastMove "2007.7.25"]
[Board "3806056"]

1.e4 e5 2.Nf3 Nc6 3.Bc4 Bc5 4.O-O Qf6 5.b3 Qg6 6.Bb2 Be7 7.Bb5 Bf6 8.Ba3 Nge7 9.Bxc6 Nxc6 10.d3 d6 11.Bb2 Bh3 12.Ne1 O-O 13.Qf3 Bg4 14.Qg3 Qh5 15.Nf3 Nb4 16.Nbd2 Nxc2 17.Rac1 Nd4 18.Bxd4 exd4 19.Rxc7 b5 20.Qxd6 Rfd8 21.Qb4 a6 22.e5 Bg5 23.Nxg5 Qxg5 24.Ne4 Qg6 25.Qe7 Bh3 26.Ng5 Be6 27.Nxe6 fxe6 28.f4 Qxd3 29.Qf7+ Kh8 30.Qxg7+ {Black king mated} 1-0

[Event "www.ChessWorld.net server game"]
[Site "www.ChessWorld.net "]
[Date "2007.6.10"]
[Round "NA"]
[White "joselito"]
[Black "calchess10"]
[Result "1-0"]
[Termination "Black king mated"]
[WhiteElo "1420"]
[BlackElo "1276"]
[Mode "ICS"]
[DateLastMove "2007.7.6"]
[Board "3806060"]

1.e4 e5 2.Bc4 Nf6 3.Nf3 d6 4.O-O Nc6 5.c3 Bg4 6.h3 Bh5 7.a3 Be7 8.Ba2 O-O 9.d4 exd4 10.cxd4 Nxe4 11.Nc3 Nf6 12.Bb1 h6 13.Qc2 Bxf3 14.gxf3 g6 15.Ne2 a6 16.Bxh6 Nh7 17.Bxf8 Qxf8 18.d5 Ne5 19.Qc3 Rc8 20.f4 Nd7 21.f5 Ne5 22.fxg6 Nxg6 23.Bxg6 fxg6 24.Ng3 Bf6 25.Qe1 Re8 26.Qb4 b5 27.Qg4 Re5 28.Qxg6+ Bg7 29.Rac1 Rg5 30.Qe6+ Kh8 31.Rxc7 Be5 32.Rc8 Bxg3 33.Rxf8+ Nxf8 34.Qh6+ Nh7 35.fxg3 Rxg3+ 36.Kh2 Rg5 37.Rf7 Rxd5 38.Qxh7+ {Black king mated} 1-0

[Event "www.ChessWorld.net server game"]
[Site "www.ChessWorld.net "]
[Date "2007.6.12"]
[Round "NA"]
[White "joselito"]
[Black "pieeater"]
[Result "1-0"]
[Termination "Black king mated"]
[WhiteElo "1421"]
[BlackElo "1294"]
[Mode "ICS"]
[DateLastMove "2007.7.15"]
[Board "3811433"]

1.e4 d5 2.exd5 Qxd5 3.Nc3 Qe5+ 4.Be2 Nf6 5.d4 Qd6 6.Bg5 Nc6 7.Nf3 e5 8.O-O Be7 9.Nb5 Qd8 10.dxe5 Ng4 11.Bxe7 Qxe7 12.h3 Ngxe5 13.Nxe5 Nxe5 14.Qd4 O-O 15.Nxa7 Bf5 16.c4 Rfd8 17.Qe3 c5 18.Nb5 Ra5 19.b3 Ra6 20.Qg3 Rg6 21.Bg4 Bxg4 22.hxg4 Rxg4 23.Qh3 Qg5 24.Nc7 Rd3 25.f3 Nxf3+ 26.Rxf3 Rd2 27.Re1 Rdxg2+ 28.Kh1 Rg1+ 29.Rxg1 Rxg1+ 30.Kh2 Ra1 31.Qc8+ Qd8 32.Qxd8+ {Black king mated} 1-0

[Event "www.ChessWorld.net server game"]
[Site "www.ChessWorld.net "]
[Date "2007.6.12"]
[Round "NA"]
[White "joselito"]
[Black "WarlpiriMan"]
[Result "1-0"]
[Termination "Black king mated"]
[WhiteElo "1431"]
[BlackElo "1395"]
[Mode "ICS"]
[DateLastMove "2007.8.8"]
[Board "3811434"]

1.e4 c5 2.Nf3 h6 3.Bc4 d6 4.O-O a6 5.b3 Nc6 6.Nh4 Be6 7.Bxe6 fxe6 8.Ng6 Rh7 9.Qh5 Kd7 10.c4 e5 11.Nc3 e6 12.d3 Kc7 13.Be3 Kb6 14.Na4+ Ka7 15.Nxf8 Qxf8 16.Qg6 Rh8 17.Qxe6 Re8 18.Qg6 Qf6 19.Qxe8 Nd4 20.Bxd4 exd4 21.Rfe1 g5 22.a3 Ne7 23.Qd7 Rf8 24.Rf1 Rf7 25.b4 Nc6 26.Qc8 Ne5 27.bxc5 dxc5 28.Rab1 Nxd3 29.Nb6 Ne5 30.Qa8+ {Black king mated} 1-0

[Event "www.ChessWorld.net server game"]
[Site "www.ChessWorld.net "]
[Date "2007.6.12"]
[Round "NA"]
[White "joselito"]
[Black "surreysue"]
[Result "1-0"]
[Termination "Black king mated"]
[WhiteElo "1394"]
[BlackElo "1269"]
[Mode "ICS"]
[DateLastMove "2007.9.28"]
[Board "3811438"]

1.e4 e5 2.Nf3 d6 3.Bc4 Be6 4.Bxe6 fxe6 5.O-O Nc6 6.c4 Qe7 7.Nc3 Na5 8.Qa4+ Nc6 9.d3 g6 10.Bg5 Qf7 11.Nb5 h6 12.Bh4 g5 13.Bg3 a6 14.Nc3 O-O-O 15.h4 Nd4 16.Nxd4 exd4 17.Ne2 Ne7 18.Qa5 Nc6 19.Qd2 Bg7 20.hxg5 Qg6 21.gxh6 Rxh6 22.f3 Be5 23.Bxe5 Nxe5 24.Qe1 Nxd3 25.Qd2 Ne5 26.Nf4 Qg3 27.Nh3 Rdh8 28.Qf2 Rxh3 29.Qxg3 Rxg3 30.Kf2 Rg5 31.f4 Nd3+ 32.Kg1 Rhg8 33.fxg5 Rxg5 34.Rf8+ Kd7 35.Raf1 Kc6 36.b3 Rg4 37.Rd1 Nc5 38.Rxd4 Nd7 39.Re8 e5 40.Rd5 Rxe4 41.Rh8 Nf6 42.Rd2 Re1+ 43.Kf2 Ra1 44.Kf3 Rf1+ 45.Ke3 Kc5 46.Rf8 d5 47.cxd5 Ng4+ 48.Ke2 Rxf8 49.a4 Rf2+ 50.Ke1 Rf4 51.g3 Rf3 52.Rc2+ Kd6 53.Rb2 Kxd5 54.b4 Kc4 55.b5 Kc3 56.Ra2 Rxg3 57.Ra3+ Kb4 58.Rxg3 Nh2 59.bxa6 bxa6 60.Rg6 Nf3+ 61.Kd1 a5 62.Rg4+ Nd4 63.Re4 Ka3 64.Rxe5 Nb3 65.Re4 Nc5 66.Re7 Na6 67.Re4 Nc5 68.Rc4 Ne6 69.Kd2 Kb3 70.Kd3 Nf4+ 71.Rxf4 c5 72.Re4 Ka3 73.Kc3 Ka2 74.Kc4 Ka3 75.Kxc5 Ka2 76.Kb5 Ka3 77.Kxa5 Ka2 78.Kb4 Kb2 79.a5 Kc2 80.a6 Kd3 81.Rc4 Ke3 82.a7 Kd3 83.a8=Q Ke3 84.Qd8 Kf3 85.Qe8 Kf2 86.Rc7 Kf3 87.Rf7+ Kg4 88.Qg8+ Kh5 89.Rh7+ {Black king mated} 1-0

[Event "www.ChessWorld.net server game"]
[Site "www.ChessWorld.net "]
[Date "2007.6.12"]
[Round "NA"]
[White "joselito"]
[Black "quinner"]
[Result "1-0"]
[Termination "Black king mated"]
[WhiteElo "1400"]
[BlackElo "1101"]
[Mode "ICS"]
[DateLastMove "2007.7.11"]
[Board "3811439"]

1.e4 e5 2.Nf3 Nf6 3.Bc4 Qe7 4.O-O Ng4 5.h3 Nf6 6.b3 Nxe4 7.Bb2 f6 8.Nh4 a6 9.Nf5 Qc5 10.Qh5+ g6 11.Qf3 d5 12.Ba3 Qc6 13.Ne3 Ng5 14.Qxd5 Qxd5 15.Nxd5 Nd7 16.Nxc7+ Kd8 17.Nxa8 b5 18.Bd5 b4 19.Bb2 h5 20.c3 bxc3 21.Nxc3 Nh7 22.Ne4 f5 23.Ng3 f4 24.Ne4 g5 25.d3 g4 26.hxg4 hxg4 27.a4 g3 28.d4 Nb6 29.Nxb6 Bf5 30.Nd2 Bb4 31.Ndc4 Bd3 32.Rfd1 Bc2 33.Rf1 Bxb3 34.fxg3 fxg3 35.Rf7 Ng5 36.Ra7 Rh7 37.Rxh7 Nxh7 38.Rf1 Bd2 39.Nd6 Be3+ 40.Kh1 Bc2 41.Rf7 Bg6 42.Rd7+ {Black king mated} 1-0

[Event "www.ChessWorld.net server game"]
[Site "www.ChessWorld.net "]
[Date "2007.6.12"]
[Round "NA"]
[White "joselito"]
[Black "Blitzkrieg BoB"]
[Result "1-0"]
[Termination "Black king mated"]
[WhiteElo "1300"]
[BlackElo "1346"]
[Mode "ICS"]
[DateLastMove "2007.6.27"]
[Board "3811440"]

1.e4 e5 2.Nf3 Nc6 3.Bc4 a6 4.O-O b5 5.Bb3 Bd6 6.d3 Nf6 7.Ng5 Nd4 8.Nxf7 Qe7 9.Nxh8 Nxb3 10.axb3 Bb7 11.Bg5 O-O-O 12.d4 Rxh8 13.dxe5 Bxe5 14.f3 Bxb2 15.Bxf6 Qc5+ 16.Rf2 Bxa1 17.Qxd7+ Kb8 18.Bxa1 g6 19.Bxh8 Bc8 20.Qxh7 g5 21.h3 a5 22.c4 bxc4 23.bxc4 Qxc4 24.Be5 Qc1+ 25.Kh2 a4 26.Na3 Qc5 27.Qg7 Qc6 28.Rb2+ Bb7 29.Qh8+ Ka7 30.Nb5+ Ka6 31.Nxc7+ Ka7 32.Bd4+ Qb6 33.Bxb6+ {Black king mated} 1-0

[Event "www.ChessWorld.net server game"]
[Site "www.ChessWorld.net "]
[Date "2007.6.12"]
[Round "NA"]
[White "joselito"]
[Black "thisone"]
[Result "1-0"]
[Termination "Black king mated"]
[WhiteElo "1431"]
[BlackElo "1360"]
[Mode "ICS"]
[DateLastMove "2007.7.15"]
[Board "3811442"]

1.e4 e5 2.Bc4 Qf6 3.Nf3 Nh6 4.h3 Nc6 5.O-O Na5 6.Bd5 c6 7.Bb3 Bc5 8.Qe2 O-O 9.c4 Nxb3 10.axb3 Qe7 11.Nc3 b5 12.d3 bxc4 13.dxc4 Rb8 14.Ng5 f6 15.Nf3 f5 16.Ng5 fxe4 17.Qxe4 g6 18.Nf3 d5 19.cxd5 cxd5 20.Qxd5+ Be6 21.Qxe5 Rxb3 22.Ne4 Rf5 23.Qg3 Rf8 24.Nxc5 Qxc5 25.Bxh6 Re8 26.Rfc1 Qb6 27.Qh4 Rxb2 28.Rf1 Bc4 29.Qxc4+ Qe6 30.Qd4 Reb8 31.Qg7+ {Black king mated} 1-0

[Event "www.ChessWorld.net server game"]
[Site "www.ChessWorld.net "]
[Date "2007.6.12"]
[Round "NA"]
[White "joselito"]
[Black "baskogirl"]
[Result "1-0"]
[Termination "Black king mated"]
[WhiteElo "1275"]
[BlackElo "1153"]
[Mode "ICS"]
[DateLastMove "2007.6.16"]
[Board "3811444"]

1.e4 d5 2.f3 dxe4 3.fxe4 Qd4 4.Nf3 Qxe4+ 5.Be2 Nc6 6.Nc3 Qg4 7.O-O Nd4 8.Nxd4 Qg5 9.d3 Qh4 10.Nf5 Qf6 11.Ne3 Qg6 12.Bh5 Qd6 13.Qf3 Be6 14.Bxf7+ Kd7 15.Bxe6+ Qxe6 16.Ned5 Rb8 17.Be3 a6 18.Ba7 Ra8 19.Rae1 Qg6 20.Bc5 Nh6 21.Bxe7 c6 22.Bxf8 cxd5 23.Qxd5+ Kc7 24.Qc5+ Kd8 25.Re7 Nf5 26.Qc7+ {Black king mated} 1-0

[Event "www.ChessWorld.net server game"]
[Site "www.ChessWorld.net "]
[Date "2007.7.20"]
[Round "NA"]
[White "joselito"]
[Black "happy hawk"]
[Result "1-0"]
[Termination "Black king mated"]
[WhiteElo "1414"]
[BlackElo "1409"]
[Mode "ICS"]
[DateLastMove "2007.8.3"]
[Board "3926181"]

1.e4 e5 2.Nf3 Nc6 3.Bb5 a6 4.Bxc6 bxc6 5.O-O a5 6.Nxe5 d6 7.Nf3 Ba6 8.d3 d5 9.exd5 cxd5 10.Bg5 Nf6 11.Re1+ Be7 12.Nc3 c6 13.Bxf6 gxf6 14.b3 Kf8 15.Qd2 Ke8 16.Qh6 Qc7 17.Qg7 Rf8 18.Qxh7 Kd8 19.a3 d4 20.Nxd4 f5 21.Nxf5 Re8 22.Qxf7 Ra7 23.Ng7 Qd6 24.Qxe8+ Kc7 25.Rxe7+ Kb6 26.Rxa7 Kxa7 27.Re1 Qxa3 28.f4 Qc5+ 29.Re3 Qxc3 30.Nf5 Qa1+ 31.Re1 Qc3 32.Qe7+ Bb7 33.Nd6 Qd4+ 34.Kh1 Qxd6 35.Qxd6 c5 36.Qxc5+ Ka6 37.Re6+ Bc6 38.Qxc6+ Ka7 39.Re7+ Kb8 40.Qe8+ {Black king mated} 1-0

[Event "www.ChessWorld.net server game"]
[Site "www.ChessWorld.net "]
[Date "2007.7.20"]
[Round "NA"]
[White "joselito"]
[Black "LouieTL"]
[Result "1-0"]
[Termination "White claimed a win on time"]
[WhiteElo "1414"]
[BlackElo "1409"]
[Mode "ICS"]
[DateLastMove "2007.8.18"]
[Board "3926182"]

1.e4 e5 2.Nf3 f6 3.Bc4 d6 4.O-O Ne7 5.c3 c6 6.d4 exd4 7.cxd4 b5 8.Bb3 a5 9.Bf4 g5 10.Be3 a4 11.Bc2 a3 12.Nxa3 b4 13.Nc4 {White claimed a win on time} 1-0

[Event "www.ChessWorld.net server game"]
[Site "www.ChessWorld.net "]
[Date "2007.7.20"]
[Round "NA"]
[White "joselito"]
[Black "MtK"]
[Result "1-0"]
[Termination "Black resigned"]
[WhiteElo "1377"]
[BlackElo "1552"]
[Mode "ICS"]
[DateLastMove "2007.7.28"]
[Board "3926184"]

1.e4 e5 2.Nf3 d6 3.Bb5+ c6 4.Bc4 h6 5.O-O Nf6 6.a3 Nxe4 7.Qe2 d5 8.Ba2 Bd6 9.d3 Nf6 10.Be3 Be6 11.c4 d4 12.Bd2 Qc7 13.c5 Bxc5 14.Bxe6 e4 15.Ba2 O-O 16.dxe4 Rd8 17.Bb4 d3 18.Qe1 Na6 19.e5 Re8 20.Qc3 Ne4 21.Qxd3 Bxf2+ 22.Rxf2 Nxf2 23.Kxf2 c5 24.Nc3 cxb4 25.Bb1 g6 26.axb4 Nxb4 27.Qd2 Kg7 28.Nd5 Nxd5 29.Qxd5 Qb6+ 30.Qd4 Qxd4+ 31.Nxd4 a6 32.Be4 Rad8 33.Nf3 f6 34.Bxb7 fxe5 35.Rxa6 g5 36.Be4 Kf7 37.Rxh6 g4 38.Ng5+ Ke7 39.Bc6 Rd2+ 40.Kg3 Rg8 41.Re6+ Kd8 42.Nf7+ Kc7 43.Nxe5 Re2 44.Bd7 Kd8 45.Bb5 Rxb2 46.Bc4 Re2 {Black resigned} 1-0

[Event "www.ChessWorld.net server game"]
[Site "www.ChessWorld.net "]
[Date "2007.7.20"]
[Round "NA"]
[White "joselito"]
[Black "head-full-of-nothing"]
[Result "1-0"]
[Termination "White claimed a win on time"]
[WhiteElo "1377"]
[BlackElo "1552"]
[Mode "ICS"]
[DateLastMove "2007.7.31"]
[Board "3926185"]

1.e4 e5 2.Bc4 Nf6 3.Nf3 h6 4.c3 Nc6 5.d3 a6 6.O-O b5 7.Qb3 bxc4 8.Qxc4 a5 9.d4 Ba6 10.Qb3 Bxf1 11.Kxf1 Nxe4 12.Nxe5 Nxe5 13.dxe5 {White claimed a win on time} 1-0

[Event "www.ChessWorld.net server game"]
[Site "www.ChessWorld.net "]
[Date "2007.7.20"]
[Round "NA"]
[White "joselito"]
[Black "Sparkeman"]
[Result "1-0"]
[Termination "Black resigned"]
[WhiteElo "1421"]
[BlackElo "1559"]
[Mode "ICS"]
[DateLastMove "2007.10.21"]
[Board "3926188"]

1.e4 e5 2.Nf3 d6 3.Bb5+ c6 4.Bc4 b5 5.Bb3 h6 6.O-O Nf6 7.c3 Nxe4 8.d3 Nf6 9.Be3 c5 10.d4 c4 11.Bc2 Bg4 12.dxe5 Bxf3 13.Qxf3 Nbd7 14.exf6 Nxf6 15.Nd2 d5 16.b3 Bd6 17.bxc4 dxc4 18.Qc6+ Kf8 19.Nf3 a6 20.Bb6 Rc8 21.Bxd8 Rxc6 22.Rfe1 Bc5 23.Rad1 Re6 24.Bxf6 gxf6 25.Rxe6 fxe6 26.Rd8+ Kg7 27.Rd7+ Kg8 28.Be4 a5 29.Nh4 f5 30.Bc6 Rh7 31.Bxb5 f4 32.Rxh7 Kxh7 33.Bxc4 e5 34.Bd3+ Kg7 35.g3 fxg3 36.hxg3 Kf6 37.Kg2 Ke6 38.Bc2 Kd5 39.Kf3 h5 40.Nf5 Kc4 41.Ne3+ Kxc3 42.Bd1 Kd4 43.a4 Kc3 44.Ke4 Bd4 45.Bxh5 Kb4 46.g4 Kxa4 47.g5 Bc5 48.g6 Bf8 49.Kxe5 Kb5 50.Ke6 Kc6 51.Kf7 Kd7 52.Kxf8 a4 53.g7 a3 54.g8=Q Kc6 55.Nc2 a2 {Black resigned} 1-0

[Event "www.ChessWorld.net server game"]
[Site "www.ChessWorld.net "]
[Date "2007.7.20"]
[Round "NA"]
[White "joselito"]
[Black "ccb1946"]
[Result "1-0"]
[Termination "Black king mated"]
[WhiteElo "1375"]
[BlackElo "1498"]
[Mode "ICS"]
[DateLastMove "2007.8.11"]
[Board "3926190"]

1.e4 e6 2.c4 Qh4 3.Qf3 Nc6 4.g3 Qe7 5.Nc3 Nd4 6.Qd3 Qd6 7.Nf3 Nxf3+ 8.Qxf3 g6 9.Bg2 Qe5 10.O-O Bb4 11.d3 Bxc3 12.bxc3 Qxc3 13.Bg5 Qe5 14.h4 b6 15.Bf4 Qf6 16.e5 Qd8 17.Bg5 f6 18.exf6 Kf7 19.Qxa8 h6 20.Bf4 a5 21.Bb7 Qxf6 22.Qxc8 Ne7 23.Qxd7 g5 24.hxg5 hxg5 25.Bxc7 Qh6 26.g4 Qh4 27.Rae1 Qxg4+ 28.Bg2 Qf5 29.Bd6 Re8 30.d4 Kf8 31.Rxe6 Kf7 32.Rxe7+ Rxe7 33.Qxf5+ Ke8 34.Qf6 Rf7 35.Re1+ Kd7 36.Qxf7+ Kxd6 37.Re6+ {Black king mated} 1-0

[Event "www.ChessWorld.net server game"]
[Site "www.ChessWorld.net "]
[Date "2007.7.20"]
[Round "NA"]
[White "joselito"]
[Black "SNARF17WD"]
[Result "1-0"]
[Termination "Black king mated"]
[WhiteElo "1395"]
[BlackElo "1271"]
[Mode "ICS"]
[DateLastMove "2007.8.16"]
[Board "3926191"]

1.e4 e5 2.Nf3 Nc6 3.Bc4 a6 4.O-O Qf6 5.d3 b5 6.Bd5 Bb7 7.Bg5 Qd6 8.Nc3 f6 9.Be3 O-O-O 10.Bxc6 Bxc6 11.Ba7 g5 12.Re1 g4 13.d4 gxf3 14.Qxf3 Kb7 15.Bc5 Qe6 16.Bxf8 Rxf8 17.d5 Bxd5 18.exd5 Qf7 19.d6+ Kb8 20.dxc7+ Kxc7 21.Nd5+ Kd8 22.Rad1 h5 23.Qc3 d6 24.Nb6 Ke7 25.Nc8+ Kd7 26.Rxd6+ Ke8 27.Qc6+ Qd7 28.Qxd7+ {Black king mated} 1-0

[Event "www.ChessWorld.net server game"]
[Site "www.ChessWorld.net "]
[Date "2007.7.26"]
[Round "NA"]
[White "joselito"]
[Black "revs"]
[Result "1-0"]
[Termination "Black resigned"]
[WhiteElo "1397"]
[BlackElo "1439"]
[Mode "ICS"]
[DateLastMove "2007.8.1"]
[Board "3943193"]

1.e4 c5 2.Nf3 a6 3.d4 h6 4.c3 cxd4 5.Nxd4 e5 6.Nf5 d6 7.b3 Bxf5 8.exf5 Nc6 9.Bc4 Qc8 10.Qh5 Qc7 11.Ba3 O-O-O 12.Qg4 f6 13.O-O d5 14.Be2 b5 15.Bxf8 Rxf8 16.Nd2 Nce7 17.Qxg7 Rd8 18.Qxh8 Qxc3 19.Nf3 Kd7 20.Rac1 Qb2 21.Rfe1 Qxa2 22.Qg7 Qxb3 23.Qg3 Kd6 24.Qg4 Qa4 25.Qxa4 bxa4 26.Bxa6 Rb8 27.Nh4 e4 28.Ra1 Ke5 29.Ng6+ Kxf5 30.Nxe7+ Nxe7 31.Rxa4 h5 32.Be2 h4 33.h3 Ke5 34.f3 f5 35.fxe4 fxe4 36.Ra7 Nf5 37.Rea1 Re8 38.Rh7 Rc8 39.Bg4 Rf8 40.Bxf5 Rxf5 41.Rxh4 e3 42.Rh8 Ke4 43.Re8+ Re5 44.Rxe5+ Kxe5 45.Kf1 Ke4 46.Ke2 d4 47.g4 Kf4 48.Rd1 Ke4 49.g5 Kf5 50.Rxd4 Kxg5 51.Kxe3 Kf5 52.Kf3 Ke5 53.Rg4 {Black resigned} 1-0

[Event "www.ChessWorld.net server game"]
[Site "www.ChessWorld.net "]
[Date "2007.7.27"]
[Round "NA"]
[White "joselito"]
[Black "revs"]
[Result "1-0"]
[Termination "Black resigned"]
[WhiteElo "1430"]
[BlackElo "1431"]
[Mode "ICS"]
[DateLastMove "2007.8.3"]
[Board "3946954"]

1.e4 c5 2.b3 a6 3.Ba3 Qb6 4.Nf3 Nc6 5.Bc4 e6 6.c3 Qc7 7.O-O b5 8.Bd3 b4 9.cxb4 cxb4 10.Bb2 Bb7 11.Bc2 h6 12.d4 a5 13.d5 exd5 14.Qxd5 Nce7 15.Qd1 Ba6 16.Bd3 Ng6 17.Bxa6 Rxa6 18.a3 bxa3 19.Bxa3 Ne5 20.Bxf8 Nxf3+ 21.Qxf3 Rf6 22.Qg3 Qxg3 23.fxg3 Kxf8 24.Rxf6 gxf6 25.Rxa5 Kg7 26.g4 Ne7 27.h3 Nc6 28.Rd5 Rd8 29.Kh2 Ne5 30.b4 Nc4 31.Nd2 Ne3 32.Rd6 Nc2 33.b5 Kf8 34.b6 Na3 35.b7 Ke7 36.Rb6 Rb8 37.Kg3 Kd8 38.Kh4 Kc7 39.Rxf6 Rxb7 40.Rxh6 Rb2 41.Ra6 Rxd2 42.Rxa3 Rxg2 43.Rf3 Re2 44.Rxf7 Rxe4 45.Kh5 Kc6 46.g5 d5 47.h4 d4 48.Rf1 d3 49.Rh1 Re2 50.Rd1 d2 51.g6 Kc5 52.g7 Rg2 53.Kh6 Kc4 54.h5 Kc3 55.Kh7 Kc2 56.Rxd2+ Kxd2 57.h6 Ke3 58.g8=Q Rxg8 {Black resigned} 1-0

[Event "www.ChessWorld.net server game"]
[Site "www.ChessWorld.net "]
[Date "2007.7.27"]
[Round "NA"]
[White "joselito"]
[Black "wptiger"]
[Result "1-0"]
[Termination "Black king mated"]
[WhiteElo "1390"]
[BlackElo "1153"]
[Mode "ICS"]
[DateLastMove "2007.8.1"]
[Board "3946956"]

1.e4 e5 2.Nf3 Nc6 3.Bb5 a6 4.Bxc6 bxc6 5.O-O d5 6.Qe2 dxe4 7.Qxe4 Nf6 8.Qxe5+ Be7 9.b3 O-O 10.Qg3 Bd6 11.Ne5 Bxe5 12.Qxe5 Re8 13.Qg3 Ne4 14.Qf3 Bb7 15.Nc3 Ng5 16.Qg3 h6 17.Bb2 Ne4 18.Nxe4 g6 19.Nf6+ Kf8 20.Nxe8 Qxe8 21.Rfe1 Qd7 22.Qe5 Re8 23.Qh8+ {Black king mated} 1-0

[Event "www.ChessWorld.net server game"]
[Site "www.ChessWorld.net "]
[Date "2007.7.27"]
[Round "NA"]
[White "joselito"]
[Black "Brianstar"]
[Result "1-0"]
[Termination "Black king mated"]
[WhiteElo "1449"]
[BlackElo "1219"]
[Mode "ICS"]
[DateLastMove "2007.10.9"]
[Board "3947382"]

1.e4 e5 2.Bc4 Nf6 3.Nf3 Nxe4 4.Qe2 d5 5.Bxd5 Qxd5 6.O-O Bc5 7.Nc3 Nxc3 8.dxc3 e4 9.Nd2 Nd7 10.Nxe4 O-O 11.Qg4 Ne5 12.Qg3 Ng4 13.Nxc5 Qxc5 14.c4 f5 15.Be3 Qxc4 16.c3 f4 17.Bxf4 Rxf4 18.Rae1 Bf5 19.h3 Nf6 20.Re7 Nh5 21.Qg5 Qxa2 22.Qxh5 Bg6 23.Qe5 Rf7 24.Rxc7 Rxc7 25.Qxc7 Qxb2 26.Re1 b5 27.Re7 Qc1+ 28.Kh2 Kf8 29.Rxg7 Qa3 30.Qe5 Re8 31.Qf6+ Bf7 32.Qxf7+ {Black king mated} 1-0

[Event "www.ChessWorld.net server game"]
[Site "www.ChessWorld.net "]
[Date "2007.8.3"]
[Round "NA"]
[White "joselito"]
[Black "kireng"]
[Result "1-0"]
[Termination "Black resigned"]
[WhiteElo "1367"]
[BlackElo "489"]
[Mode "ICS"]
[DateLastMove "2007.8.20"]
[Board "3971786"]

1.e4 Nc6 2.f4 d6 3.Nf3 Nf6 4.Bb5 a6 5.Bxc6+ bxc6 6.Qe2 c5 7.O-O Bb7 8.b3 Bxe4 9.d3 Bxf3 10.Qxf3 h5 11.Na3 Ng4 12.f5 e5 13.h3 Nf6 14.Nc4 Rb8 15.Qc6+ Qd7 16.Qxd7+ Kxd7 17.Ne3 g6 18.fxg6 fxg6 19.Rxf6 a5 20.Rxg6 a4 21.Nd5 axb3 22.axb3 h4 23.Bb2 c6 24.Ne3 c4 25.Nxc4 Be7 26.Ra7+ Kc8 27.Rxe7 Rb7 28.Nxd6+ Kd8 29.Rxb7 {Black resigned} 1-0

[Event "www.ChessWorld.net server game"]
[Site "www.ChessWorld.net "]
[Date "2007.8.3"]
[Round "NA"]
[White "joselito"]
[Black "eink"]
[Result "1-0"]
[Termination "Black king mated"]
[WhiteElo "1477"]
[BlackElo "1894"]
[Mode "ICS"]
[DateLastMove "2007.11.7"]
[Board "3971787"]

1.e4 c5 2.Nf3 e6 3.Bc4 a6 4.O-O Qc7 5.c3 d6 6.d4 cxd4 7.cxd4 Qxc4 8.Na3 Qc7 9.e5 Nd7 10.exd6 Bxd6 11.Be3 Ngf6 12.Rc1 Qb8 13.Nc4 Bc7 14.Qc2 Nd5 15.a4 Nxe3 16.fxe3 Nf6 17.Ncd2 Bd6 18.Nc4 O-O 19.Nxd6 Qxd6 20.Ng5 h6 21.Rxf6 hxg5 22.Rf3 b6 23.Rh3 g6 24.Qc3 Bb7 25.d5 Qxd5 26.Qh8+ {Black king mated} 1-0

[Event "www.ChessWorld.net server game"]
[Site "www.ChessWorld.net "]
[Date "2007.8.3"]
[Round "NA"]
[White "joselito"]
[Black "COACH AL"]
[Result "1-0"]
[Termination "Black king mated"]
[WhiteElo "1426"]
[BlackElo "1188"]
[Mode "ICS"]
[DateLastMove "2007.9.7"]
[Board "3971788"]

1.e4 e5 2.Nf3 Nc6 3.Bb5 Nd4 4.Nxd4 exd4 5.O-O c6 6.Bc4 Nf6 7.d3 d5 8.exd5 cxd5 9.Bb3 Bg4 10.Qd2 Be7 11.Ba4+ Bd7 12.Bxd7+ Qxd7 13.c3 Bc5 14.Re1+ Kf8 15.Qe2 dxc3 16.bxc3 Ng4 17.Bb2 Bxf2+ 18.Kf1 Qf5 19.Qe7+ Kg8 20.Qe8+ Rxe8 21.Rxe8+ {Black king mated} 1-0

[Event "www.ChessWorld.net server game"]
[Site "www.ChessWorld.net "]
[Date "2007.8.3"]
[Round "NA"]
[White "joselito"]
[Black "gaz1000"]
[Result "1-0"]
[Termination "Black king mated"]
[WhiteElo "1389"]
[BlackElo "1395"]
[Mode "ICS"]
[DateLastMove "2007.8.29"]
[Board "3971790"]

1.e4 e6 2.Nf3 f5 3.exf5 exf5 4.Bc4 d5 5.Bb3 b5 6.a3 a5 7.Nc3 c6 8.O-O b4 9.axb4 Bxb4 10.Re1+ Kf7 11.Ne5+ Kf6 12.Nf3 Bxc3 13.dxc3 Nd7 14.c4 Ne7 15.Bg5+ Kg6 16.Bxe7 Qb6 17.cxd5 c5 18.d6 h5 19.Nh4+ Kh6 20.Nxf5+ Kg6 21.Nh4+ Kh7 22.Qxh5+ {Black king mated} 1-0

[Event "www.ChessWorld.net server game"]
[Site "www.ChessWorld.net "]
[Date "2007.8.3"]
[Round "NA"]
[White "joselito"]
[Black "more_cowbell"]
[Result "1-0"]
[Termination "White claimed a win on time"]
[WhiteElo "1389"]
[BlackElo "1395"]
[Mode "ICS"]
[DateLastMove "2007.10.2"]
[Board "3971794"]

1.e4 e5 2.Bc4 Bb4 3.Nf3 Nf6 4.O-O Nc6 5.d4 exd4 6.e5 Ne4 7.a3 Bc5 8.Nfd2 Ng5 9.Nf3 Nxf3+ 10.Qxf3 Nxe5 11.Qh5 O-O 12.Qxe5 d6 13.Qg3 g6 14.Bh6 {White claimed a win on time} 1-0

[Event "www.ChessWorld.net server game"]
[Site "www.ChessWorld.net "]
[Date "2007.8.3"]
[Round "NA"]
[White "joselito"]
[Black "jonboymanor12"]
[Result "1-0"]
[Termination "Black resigned"]
[WhiteElo "1535"]
[BlackElo "1698"]
[Mode "ICS"]
[DateLastMove "2007.11.23"]
[Board "3971796"]

1.e4 c5 2.Nf3 Nc6 3.Bb5 e6 4.O-O Qc7 5.c3 Ne5 6.Nxe5 Qxe5 7.d3 a6 8.Ba4 b5 9.Bc2 Bd6 10.g3 Ne7 11.Bf4 Qxf4 12.gxf4 Bxf4 13.Qg4 Bh6 14.d4 d6 15.Nd2 e5 16.Qe2 Bxd2 17.Qxd2 cxd4 18.cxd4 f5 19.dxe5 dxe5 20.Rfe1 O-O 21.exf5 Nxf5 22.Qd5+ Be6 23.Qxe6+ Kh8 24.Bxf5 g6 25.Qxe5+ Kg8 26.Be6+ Rf7 27.Bxf7+ Kxf7 28.Qd5+ {Black resigned} 1-0